[Event "Chalapathi GM"]
[Site "Guntur, AP"]
[Date "2000.04.09"]
[Round "7"]
[White "Sandipan, Chanda"]
[Black "Barua, Dibyendu"]
[Result "1-0"]
[WhiteElo "2424"]
[BlackElo "2555"]
[PlyCount "109"]
[EventDate "2000.04.03"]
[Source "ChessBase"]
[SourceDate "2000.07.27"]

1. e4 e5 2. Nf3 Nf6 3. Nxe5 d6 4. Nf3 Nxe4 5. Bd3 Nf6 6. h3 d5 7. O-O Be7 8. c3 O-O 9. Bc2 h6 10. d4 Bd6 11. Re1 Re8 12. Rxe8+ Qxe8 13. Nbd2 Nbd7 14. Nh4 g6 15. Nf1 Bf8 16. Qd3 Bg7 17. Ng3 c5 18. Bd2 cxd4 19. cxd4 Nf8 20. Re1 Qd8 21. Nf3 Ne4 22. Ne5 Nxd2 23. Qxd2 Qg5 24. Qxg5 hxg5 25. Bb3 Be6 26. Nf3 Bf6 27. Rc1 Nd7 28. Nf1 Nb6 29. Ne3 a5 30. a4 Rd8 31. Rc5 Nc4 32. Bxc4 dxc4 33. d5 Bd7 34. Nxc4 Bxa4 35. Rxa5 b5 36. Ne3 Bxb2 37. Nxg5 Bc1 38. Ne4 Bxe3 39. fxe3 Kg7 40. Nc3 f5 41. Nxb5 Bb3 42. Nc3 Kf6 43. Rb5 Bc4 44. Rc5 Bd3 45. Rc6+ Kf7 46. Kf2 g5 47. Kf3 Re8 48. g4 Rh8 49. Kg3 Re8 50. Kf2 Re5 51. Rb6 Re8 52. Nb5 Rh8 53. Nd6+ Kf6 54. Nxf5+ Ke5 55. Ne7 1-0

[Event "XII Open HIT 2007 - A"]
[Site "Nova Gorica SLO"]
[Date "2007.01.27"]
[Round "3"]
[White "Godena, Michele"]
[Black "Popchev, Milko"]
[Result "1-0"]
[WhiteElo "2530"]
[BlackElo "2445"]
[PlyCount "57"]
[EventDate "2007.01.26"]
[Source "www.chesslib.no"]
[SourceDate "2004.05.04"]

1. e4 e5 2. Nf3 Nf6 3. Nxe5 d6 4. Nf3 Nxe4 5. Bd3 Nc5 6. Be2 Bg4 7. d4 Ncd7 8. c3 Be7 9. h3 Bh5 10. Qb3 Qc8 11. Ne5 dxe5 12. Bxh5 O-O 13. dxe5 Nxe5 14. O-O Nbd7 15. Bf4 Nf6 16. Bxe5 Nxh5 17. Nd2 Rd8 18. Nf3 a5 19. Rfe1 Re8 20. g4 Nf6 21. Ng5 Rf8 22. Bd4 Bd8 23. Bc5 a4 24. Qc4 b5 25. Qd3 Qd7 26. Qxd7 Nxd7 27. Bxf8 Bxg5 28. Be7 Bf4 29. Rad1 1-0

[Event "Balkan-ch"]
[Site "Istanbul"]
[Date "2001.11.24"]
[Round "8"]
[White "Petrov, Marijan"]
[Black "Nikolaidis, Ioannis"]
[Result "1/2-1/2"]
[WhiteElo "2451"]
[BlackElo "2524"]
[PlyCount "23"]
[EventDate "2001.11.19"]
[Source "ChessBase"]
[SourceDate "2002.01.21"]

1. e4 e5 2. Nf3 Nf6 3. Nxe5 d6 4. Nf3 Nxe4 5. Bd3 Nc5 6. Be2 Be7 7. O-O O-O 8. d4 Ncd7 9. c4 Re8 10. Nc3 Nf8 11. Be3 Bg5 12. h3 1/2-1/2

[Event "Open"]
[Site "St Petersburg op"]
[Date "1995.??.??"]
[Round "3"]
[White "Makarov, Marat"]
[Black "Kochiev, Aleksandr V"]
[Result "1/2-1/2"]
[WhiteElo "2520"]
[BlackElo "2455"]
[PlyCount "22"]
[EventDate "1995.??.??"]
[Source "www.chesslib.no"]
[SourceDate "2004.05.04"]

1. e4 e5 2. Nf3 Nf6 3. Be2 d6 4. Ng5 Nxe4 5. d3 d5 6. Bg4 Bc5 7. Be2 O-O 8. Qd2 Ba3 9. bxa3 Re8 10. Qe3 Be6 11. Nf3 f5 1/2-1/2

[Event "60th ch-RUS Higher League"]
[Site "Krasnoyarsk RUS"]
[Date "2007.09.04"]
[Round "2"]
[White "Ovetchkin, R."]
[Black "Keosidi, K."]
[Result "1-0"]
[WhiteElo "2557"]
[BlackElo "2409"]
[PlyCount "119"]
[EventDate "2007.09.03"]
[Source "www.chesslib.no"]
[SourceDate "2004.05.04"]

1. e4 e5 2. Nf3 Nf6 3. Nxe5 d6 4. Nf3 Nxe4 5. Bd3 Nf6 6. O-O Be7 7. h3 O-O 8. c3 Re8 9. Bc2 Nbd7 10. d4 d5 11. Re1 Bd6 12. Bg5 Rxe1+ 13. Qxe1 Qe8 14. Nbd2 Qxe1+ 15. Rxe1 h6 16. Bh4 g5 17. Bg3 Bxg3 18. fxg3 c6 19. g4 Nb6 20. Ne5 Be6 21. Nf1 Nc8 22. Ng3 Nd6 23. Bd3 Re8 24. b3 Nd7 25. Kf2 Nf6 26. Re2 Kg7 27. Ke1 Rh8 28. Nf3 Re8 29. Kd2 Bc8 30. Re5 Be6 31. Re1 Bc8 32. Ne5 Rh8 33. c4 Be6 34. c5 Nc8 35. Nf3 Re8 36. b4 a6 37. a4 Ne7 38. Kc3 Ng6 39. Nf5+ Bxf5 40. Bxf5 Ne7 41. Bd3 Ne4+ 42. Kc2 f5 43. Nd2 fxg4 44. hxg4 Nxd2 45. Kxd2 Kf8 46. Re6 Ng8 47. Rd6 Re7 48. b5 axb5 49. axb5 Rc7 50. b6 Re7 51. Rd8+ Kf7 52. Ra8 Nf6 53. Bf5 Ne4+ 54. Kc2 Ng3 55. Bc8 Ne2 56. Bxb7 Nxd4+ 57. Kd1 Nb3 58. Bxc6 Nxc5 59. Bxd5+ Kf6 60. Rc8 1-0

[Event "HUN-chT 0102"]
[Site "?"]
[Date "2002.03.24"]
[Round "9"]
[White "Sax Gyula"]
[Black "Forintos Gyozo V"]
[Result "1-0"]
[WhiteElo "2576"]
[BlackElo "2379"]
[PlyCount "69"]
[EventDate "2002.??.??"]
[Source "www.chesslib.no"]
[SourceDate "2004.05.04"]

1. e4 e5 2. Nf3 Nf6 3. d3 d6 4. g3 h6 5. Bg2 Bd7 6. h3 Qc8 7. d4 Nc6 8. Nc3 Rb8 9. Be3 a6 10. Qe2 Be7 11. O-O-O O-O 12. g4 exd4 13. Nxd4 Nxd4 14. Bxd4 Re8 15. f4 b5 16. g5 hxg5 17. fxg5 Nh7 18. h4 c6 19. Rhf1 Bg4 20. Bf3 Be6 21. Rg1 c5 22. Be3 b4 23. Nd5 Bxd5 24. Rxd5 Qe6 25. h5 Bf8 26. Kb1 Rb5 27. Bf4 Rb6 28. Qd3 Rc6 29. e5 c4 30. Qd4 b3 31. axb3 cxb3 32. cxb3 Qf5+ 33. Be4 dxe5 34. Rxe5 Qc8 35. Bxh7+ 1-0

[Event "Ch Montenegro"]
[Site "Cetinje (Montenegro)"]
[Date "2007.07.19"]
[Round "8"]
[White "Djukic Nikola (SCG)"]
[Black "Pajkovic Vladimir (SCG)"]
[Result "1/2-1/2"]
[WhiteElo "2531"]
[BlackElo "2421"]
[PlyCount "135"]
[EventDate "2007.??.??"]
[Source "www.chesslib.no"]
[SourceDate "2004.05.04"]

1. e4 e5 2. Nf3 Nf6 3. Nxe5 d6 4. Nf3 Nxe4 5. Bd3 Nc5 6. Be2 Be7 7. c4 d5 8. cxd5 Qxd5 9. O-O Nd3 10. Nc3 Qd8 11. Bxd3 Qxd3 12. Re1 Be6 13. Re3 Qd8 14. d4 O-O 15. d5 Bc8 16. b3 Nd7 17. a4 Re8 18. Bb2 Bf6 19. Rxe8+ Qxe8 20. Qd2 Nf8 21. Nb5 Bxb2 22. Qxb2 Qd8 23. Qc3 Bf5 24. Qe5 Qd7 25. Nfd4 Bd3 26. Nxc7 Rd8 27. Rd1 Ng6 28. Qg3 Be4 29. h4 Ne7 30. Ndb5 a6 31. Nc3 Bc2 32. Rd2 Bxb3 33. Ne4 Qf5 34. d6 Qxe4 35. dxe7 Qxe7 36. Qe5 Qf8 37. Rxd8 Qxd8 38. a5 f6 39. Qc5 Bf7 40. g3 h5 41. Kh2 Qd7 42. Kg1 Bg6 43. Kh2 Qf5 44. Nd5 Kh7 45. Qd4 Qf3 46. Nc3 Be8 47. Qe4+ Qxe4 48. Nxe4 Bc6 49. Nd6 Kg8 50. g4 hxg4 51. Kg3 Bf3 52. Kf4 g6 53. Ke3 Kf8 54. Kd4 Ke7 55. Kc5 Ke6 56. Nc4 f5 57. Kd4 Kf6 58. Ne5 Bc6 59. Nd3 Be4 60. Ne5 Bc6 61. Nd3 g5 62. hxg5+ Kxg5 63. Ke5 Bb5 64. Nc5 Bc4 65. Nxb7 Bd3 66. Nc5 Bc4 67. Nb7 Bd3 68. Nc5 1/2-1/2

[Event "Asia-ch"]
[Site "?"]
[Date "2000.01.14"]
[Round "5"]
[White "Ganguly Surya Shekhar"]
[Black "Vakhidov Tahir"]
[Result "1/2-1/2"]
[WhiteElo "2440"]
[BlackElo "2505"]
[PlyCount "35"]
[EventDate "2000.??.??"]
[Source "www.chesslib.no"]
[SourceDate "2004.05.04"]

1. e4 e5 2. Nf3 Nf6 3. Nxe5 d6 4. Nf3 Nxe4 5. Bd3 Nc5 6. Be2 d5 7. d4 Ne4 8. O-O Bd6 9. c4 c6 10. Nc3 Nxc3 11. bxc3 O-O 12. Rb1 Nd7 13. Bg5 Be7 14. Bf4 dxc4 15. Bxc4 Nb6 16. Bd3 Bg4 17. Re1 Bh5 18. Bc2 1/2-1/2

[Event "GM"]
[Site "?"]
[Date "2004.07.09"]
[Round "9"]
[White "Kalod Radek"]
[Black "Polak Tomas"]
[Result "1/2-1/2"]
[WhiteElo "2461"]
[BlackElo "2482"]
[PlyCount "21"]
[EventDate "2004.??.??"]
[Source "www.chesslib.no"]
[SourceDate "2004.05.04"]

1. e4 e5 2. Nf3 Nf6 3. Nxe5 d6 4. Nf3 Nxe4 5. Bd3 Nf6 6. O-O Be7 7. c3 O-O 8. Bc2 Bg4 9. d4 Nbd7 10. Re1 Re8 11. Nbd2 1/2-1/2

[Event "It (Open) Moscow RUS"]
[Site "?"]
[Date "2006.02.13"]
[Round "7"]
[White "Negi Parimarjan"]
[Black "Frolyanov Dmitry"]
[Result "0-1"]
[WhiteElo "2445"]
[BlackElo "2497"]
[PlyCount "76"]
[EventDate "2006.??.??"]
[Source "www.chesslib.no"]
[SourceDate "2004.05.04"]

1. e4 e5 2. Nf3 Nf6 3. Nxe5 d6 4. Nf3 Nxe4 5. Bd3 Nf6 6. h3 Be7 7. O-O O-O 8. c3 Nbd7 9. Bc2 b6 10. d4 Bb7 11. Nbd2 Re8 12. Re1 Bf8 13. Rxe8 Qxe8 14. Nf1 Qe7 15. Ng3 g6 16. Qd3 Re8 17. Bg5 h6 18. Bf4 Bg7 19. h4 Qe6 20. Bd2 Qg4 21. Bd1 Nf8 22. Qc4 Re7 23. Be2 Ne4 24. Nxe4 Bxe4 25. Re1 Qf5 26. Bd1 Bd5 27. Qa4 Rxe1+ 28. Nxe1 Qb1 29. Bb3 Be6 30. Bxe6 Nxe6 31. Qb3 c5 32. d5 Nc7 33. g3 b5 34. Qa3 Qd1 35. Qxa7 Qxd2 36. Nf3 Qd1+ 37. Kg2 Nxd5 38. h5 Ne3+ 0-1

[Event "Bochum"]
[Site "Bochum"]
[Date "1981.??.??"]
[Round "?"]
[White "Torre, Eugenio"]
[Black "Borik, Otto"]
[Result "1/2-1/2"]
[WhiteElo "2550"]
[BlackElo "2390"]
[PlyCount "34"]
[EventDate "1981.03.??"]
[Source "ChessBase"]

1. e4 e5 2. Nc3 Nf6 3. Nf3 Bb4 4. Nxe5 O-O 5. Be2 Re8 6. Nd3 Bxc3 7. dxc3 Nxe4 8. O-O d5 9. Nf4 Nf6 10. Be3 Nc6 11. Bf3 Be6 12. Nxe6 Rxe6 13. Bf4 Qe7 14. Re1 Ne5 15. Bxe5 Rxe5 16. Rxe5 Qxe5 17. Qd4 Re8 1/2-1/2

[Event "2. Bundesliga West 0304"]
[Site "Germany"]
[Date "2003.11.23"]
[Round "3.1"]
[White "Breder, Dennis"]
[Black "Zaitzev, Mikhail"]
[Result "1/2-1/2"]
[WhiteElo "2473"]
[BlackElo "2467"]
[PlyCount "55"]
[EventDate "2003.12.14"]
[Source "Roberto Alvarez"]
[SourceDate "2004.01.26"]

1. e4 e5 2. Nf3 Nf6 3. Nxe5 d6 4. Nf3 Nxe4 5. Bd3 Nf6 6. h3 Be7 7. c3 O-O 8. Bc2 b6 9. O-O Bb7 10. d4 h6 11. Bf4 Re8 12. Nbd2 Nbd7 13. Bd3 Bf8 14. Qc2 a6 15. a4 Nd5 16. Bh2 N7f6 17. Qb3 Nh5 18. Bc4 Nhf6 19. Bd3 Nh5 20. Bc4 Nhf6 21. Rfe1 Qd7 22. Bf1 a5 23. Bb5 Rxe1+ 24. Rxe1 Qf5 25. Qc4 Qc2 26. Bc6 Ba6 27. Qb3 Qxb3 28. Nxb3 1/2-1/2

[Event "BL2-West 9900"]
[Site "Germany"]
[Date "1999.10.10"]
[Round "1.2"]
[White "Piskov, Yury"]
[Black "Meijers, Viesturs"]
[Result "0-1"]
[WhiteElo "2467"]
[BlackElo "2472"]
[PlyCount "68"]
[EventDate "1999.10.??"]
[Source "ChessBase"]
[SourceDate "2000.03.10"]

1. e4 e5 2. Nf3 Nf6 3. d3 d5 4. Nbd2 Bd6 5. Be2 O-O 6. O-O b6 7. c3 Bb7 8. Qc2 Nbd7 9. Re1 h6 10. g3 Nh7 11. Nh4 Re8 12. Nf5 Bf8 13. Nf1 Ng5 14. h4 Ne6 15. Nh2 Nf6 16. f3 d4 17. Ng4 Nxg4 18. fxg4 Kh7 19. g5 hxg5 20. hxg5 dxc3 21. bxc3 Nxg5 22. Bg4 Kg8 23. Be3 g6 24. Rf1 Bc8 25. Qh2 gxf5 26. Bxf5 Qxd3 27. Rae1 Bc5 28. Bxc5 bxc5 29. Qh5 Qxg3+ 30. Kh1 Bxf5 31. exf5 Qh3+ 32. Qxh3 Nxh3 33. Re3 Nf4 34. Kh2 Kg7 0-1

[Event "Tula1"]
[Site "?"]
[Date "2001.??.??"]
[Round "7"]
[White "Vysochin Spartak"]
[Black "Afromeev Vladimir"]
[Result "1/2-1/2"]
[WhiteElo "2533"]
[BlackElo "2405"]
[PlyCount "26"]
[EventDate "2001.??.??"]
[Source "www.chesslib.no"]
[SourceDate "2004.05.04"]

1. e4 e5 2. Nf3 Nf6 3. Nxe5 Qe7 4. d4 Nc6 5. Nf3 Qxe4+ 6. Be2 Nb4 7. Na3 Nbd5 8. Nc4 Nf4 9. Bxf4 Qxf4 10. O-O d5 11. Nce5 Bd6 12. c3 O-O 13. Qc1 Qxc1 1/2-1/2

[Event "Tula (Russia)"]
[Site "?"]
[Date "2004.04.25"]
[Round "2"]
[White "Brikov Illarion"]
[Black "Afromeev Vladimir"]
[Result "0-1"]
[WhiteElo "2388"]
[BlackElo "2547"]
[PlyCount "42"]
[EventDate "2004.??.??"]
[Source "www.chesslib.no"]
[SourceDate "2004.05.04"]

1. e4 e5 2. Nf3 Nf6 3. Nxe5 Qe7 4. Nf3 Qxe4+ 5. Be2 Bb4 6. O-O O-O 7. a3 Ba5 8. b4 Bb6 9. Bb2 d6 10. Nc3 Qg6 11. Bd3 Qh5 12. h3 Nc6 13. Ne2 Ne5 14. Nxe5 dxe5 15. c4 Rd8 16. Qb1 Bd4 17. Bxd4 exd4 18. Qb2 Qh6 19. Rfe1 Bxh3 20. gxh3 Qxh3 21. Nf4 Qf3 0-1

[Event "Donskoj (Russia)"]
[Site "?"]
[Date "2003.??.??"]
[Round "2"]
[White "Brikov Illarion"]
[Black "Afromeev Vladimir"]
[Result "1/2-1/2"]
[WhiteElo "2388"]
[BlackElo "2547"]
[PlyCount "32"]
[EventDate "2003.??.??"]
[Source "www.chesslib.no"]
[SourceDate "2004.05.04"]

1. e4 e5 2. Nf3 Nf6 3. Nxe5 Qe7 4. Nf3 Qxe4+ 5. Be2 Bb4 6. O-O O-O 7. a3 Ba5 8. b4 Bb6 9. Bb2 d5 10. Bxf6 gxf6 11. Nc3 Qf5 12. h3 Be6 13. Bd3 Qh5 14. Ne2 Nc6 15. Ng3 Qh6 16. Re1 Kh8 1/2-1/2

[Event "It (cat.8)"]
[Site "Marianske Lazne (Czech Republ"]
[Date "2007.01.22"]
[Round "4"]
[White "Jansa Vlastimil (CZE)"]
[Black "Voloshin Leonid (CZE)"]
[Result "1/2-1/2"]
[WhiteElo "2488"]
[BlackElo "2446"]
[PlyCount "41"]
[EventDate "2007.??.??"]
[Source "www.chesslib.no"]
[SourceDate "2004.05.04"]

1. e4 e5 2. Nf3 Nf6 3. Nxe5 d6 4. Nf3 Nxe4 5. Bd3 Nf6 6. h3 Be7 7. O-O O-O 8. c3 Re8 9. Bc2 Bd7 10. d4 Qc8 11. Re1 Bf5 12. Bg5 Bxc2 13. Qxc2 Nbd7 14. Nbd2 c6 15. Re2 Qc7 16. Rae1 Bf8 17. Ne4 Nxe4 18. Rxe4 Rxe4 19. Qxe4 Nb6 20. Bf4 f6 21. b3 1/2-1/2

[Event "CZE Team Ch 9495"]
[Site "Czech Republic"]
[Date "1995.??.??"]
[Round "10"]
[White "Mokry, Karel"]
[Black "Oral, Tomas"]
[Result "1-0"]
[WhiteElo "2525"]
[BlackElo "2405"]
[PlyCount "152"]
[EventDate "1994.??.??"]
[Source "www.chesslib.no"]
[SourceDate "2004.05.04"]

1. e4 e5 2. Nf3 Nf6 3. Nxe5 d6 4. Nd3 Nxe4 5. Nc3 Nxc3 6. dxc3 Be7 7. Qf3 O-O 8. Bf4 Nd7 9. h3 Nf6 10. g4 Be6 11. Bg2 c6 12. a3 Bd5 13. Qg3 Bxg2 14. Qxg2 d5 15. O-O-O Ne4 16. f3 Nc5 17. Rhe1 Nxd3+ 18. Rxd3 b5 19. Bd2 a5 20. f4 Bd6 21. f5 b4 22. a4 b3 23. cxb3 Rb8 24. c4 dxc4 25. bxc4 Qb6 26. Bc3 Bb4 27. Qc2 Bxc3 28. Qxc3 Qf2 29. Red1 h6 30. Qd4 Qg2 31. R1d2 Qf1+ 32. Kc2 Rb4 33. b3 Re8 34. Re3 Reb8 35. Rd1 Qf2+ 36. Qd2 Qh4 37. Qe1 Qf6 38. Re8+ Kh7 39. Rxb8 Rxb8 40. Qxa5 Re8 41. Re1 Rd8 42. Qe5 Qh4 43. Qe3 Rd7 44. Re2 Qf6 45. Qc3 Qg5 46. a5 Qf4 47. Qe3 Qf1 48. Rd2 Rxd2+ 49. Kxd2 Qa1 50. Qc3 Qa2+ 51. Ke3 c5 52. b4 Qh2 53. b5 Qxh3+ 54. Kd2 Qxg4 55. b6 Qg2+ 56. Kc1 Qa8 57. Kb2 h5 58. Qe1 Qg2+ 59. Kb3 Qf3+ 60. Qc3 Qa8 61. Qe1 Qf3+ 62. Kb2 Qg2+ 63. Kc1 Qf3 64. Kd2 Qf4+ 65. Kc3 Qf3+ 66. Kd2 Qf4+ 67. Qe3 Qxc4 68. Qc3 Qb5 69. Ke3 c4 70. Kd4 h4 71. f6 gxf6 72. Qxc4 Qxc4+ 73. Kxc4 h3 74. b7 h2 75. b8=Q h1=Q 76. Qb5 Qe4+ 1-0

[Event "Czech Extra League"]
[Site "?"]
[Date "2001.??.??"]
[Round "?"]
[White "Jansa, Vl"]
[Black "Haba, P."]
[Result "1/2-1/2"]
[WhiteElo "2470"]
[BlackElo "2460"]
[PlyCount "94"]
[EventDate "2001.??.??"]
[Source "www.chesslib.no"]
[SourceDate "2004.05.04"]

1. e4 e5 2. Nf3 Nf6 3. Nxe5 d6 4. Nf3 Nxe4 5. Bd3 Nf6 6. h3 Be7 7. O-O O-O 8. c3 Bd7 9. Re1 Re8 10. Bc2 Bf8 11. Rxe8 Qxe8 12. d4 Bb5 13. Bg5 Nbd7 14. Nbd2 h6 15. c4 Ba6 16. Bf4 Qe7 17. a4 c5 18. Ra3 Re8 19. d5 Qd8 20. a5 Ne5 21. Nxe5 dxe5 22. Bg3 Bd6 23. Bh4 g5 24. Bg3 e4 25. Bxd6 Qxd6 26. Re3 b5 27. axb6 axb6 28. b3 b5 29. cxb5 Bxb5 30. Nxe4 Nxe4 31. Bxe4 Kf8 32. Qa1 Re5 33. Qc3 Bd7 34. Bf3 f6 35. Rxe5 fxe5 36. Be4 Ke7 37. Kh2 Be8 38. g3 Kf7 39. Qf3+ Qf6 40. Qxf6+ Kxf6 41. Kg2 Ke7 42. Kf3 Bh5+ 43. g4 Bf7 44. Ke3 Kd6 45. Kd3 Bxd5 46. Bxd5 Kxd5 47. f3 Kd6 1/2-1/2

[Event "ESP Ch playoff"]
[Site "ESP"]
[Date "1993.??.??"]
[Round "10"]
[White "Romero Holmes, Alfonso"]
[Black "Fernandez Garcia, Jose L"]
[Result "1-0"]
[WhiteElo "2455"]
[BlackElo "2475"]
[PlyCount "97"]
[EventDate "1993.11.??"]
[Source "www.chesslib.no"]
[SourceDate "2004.05.04"]

1. e4 Nf6 2. Nc3 e5 3. Nf3 Bb4 4. Nxe5 O-O 5. Be2 Re8 6. Nd3 Bxc3 7. dxc3 Nxe4 8. O-O d5 9. Nf4 c6 10. c4 d4 11. Re1 Na6 12. Bf1 Bf5 13. f3 Nf6 14. Rxe8+ Nxe8 15. g4 Bg6 16. b3 d3 17. c3 Qb6+ 18. Kg2 Rd8 19. Qe2 Nec7 20. b4 c5 21. b5 Nb8 22. Be3 Ne6 23. Nd5 Qa5 24. Qd2 Nd7 25. Bxd3 Ne5 26. Be2 Qa4 27. Qd1 Bc2 28. Qf1 h6 29. f4 Nxc4 30. Ne7+ Kf8 31. Bxc4 Kxe7 32. f5 Ng5 33. Bxc5+ Kd7 34. Bb4 Kc8 35. Qf2 Be4+ 36. Kg3 Bc6 37. Qe3 Ne4+ 38. Kf4 Qc2 39. bxc6 Qxh2+ 40. Kxe4 Re8+ 41. Be6+ fxe6 42. cxb7+ Kxb7 43. Qf3 e5 44. Rb1 Ka8 45. Re1 Qd2 46. Rd1 Qh2 47. Rd6 Qc2+ 48. Ke3+ e4 49. Qd1 1-0

[Event "It \"]
[Site "Basel (Switzerland)"]
[Date "2007.01.04"]
[Round "4"]
[White "Sokolov Andrei (FRA)"]
[Black "Giertz Niklaus (SUI)"]
[Result "1-0"]
[WhiteElo "2585"]
[BlackElo "2342"]
[PlyCount "83"]
[EventDate "2007.??.??"]
[Source "www.chesslib.no"]
[SourceDate "2004.05.04"]

1. e4 e5 2. Nf3 Nf6 3. Nxe5 d6 4. Nf3 Nxe4 5. Bd3 d5 6. Qe2 Qe7 7. O-O Nd6 8. Qd1 Qd8 9. Re1+ Be7 10. Qe2 Nc6 11. Nc3 Be6 12. Ne5 Nb4 13. b3 O-O 14. Nxf7 Bxf7 15. Qxe7 Qxe7 16. Rxe7 Nxd3 17. cxd3 Rfe8 18. Rxe8+ Rxe8 19. Ba3 d4 20. Bxd6 dxc3 21. Bxc7 cxd2 22. Ba5 Re1+ 23. Rxe1 dxe1=Q+ 24. Bxe1 Bg6 25. d4 Bb1 26. a3 Kf7 27. f3 Ke6 28. Bg3 Kd5 29. Be5 g6 30. Kf2 Bc2 31. b4 Kc4 32. Ke3 Ba4 33. Kf4 Kb3 34. Bd6 Kc4 35. Ke5 Bc6 36. Bb8 a6 37. Ba7 Bd5 38. Kf6 Kb3 39. Kg7 Kxa3 40. Bc5 b6 41. Bxb6 Kxb4 42. Kxh7 1-0

[Event "Jonsson Mem Open, Reykjavik ISL"]
[Site "?"]
[Date "2001.??.??"]
[Round "2"]
[White "Chandler, M."]
[Black "Gunnarsson, J."]
[Result "1/2-1/2"]
[WhiteElo "2540"]
[BlackElo "2385"]
[PlyCount "91"]
[EventDate "2001.??.??"]
[Source "www.chesslib.no"]
[SourceDate "2004.05.04"]

1. e4 e5 2. Nf3 Nf6 3. Nxe5 d6 4. Nf3 Nxe4 5. Bd3 Nf6 6. h3 Be7 7. O-O O-O 8. c3 Nbd7 9. Bc2 Re8 10. d4 Bf8 11. Bg5 b6 12. c4 h6 13. Bh4 g5 14. Bg3 Ne4 15. Nc3 Nxc3 16. bxc3 Bg7 17. Qd3 Nf8 18. Nd2 Qe7 19. Kh2 Qe2 20. Rae1 Qxd3 21. Bxd3 Bd7 22. f4 Rxe1 23. Rxe1 Re8 24. f5 Rxe1 25. Bxe1 Nh7 26. g4 Nf6 27. Kg3 Bc6 28. Bf2 Kf8 29. h4 Nd7 30. hxg5 hxg5 31. Be3 Bf6 32. Be4 Nb8 33. Bxc6 Nxc6 34. Ne4 Ke7 35. Bxg5 Bxg5 36. Nxg5 Na5 37. c5 bxc5 38. dxc5 d5 39. Nh3 Nb7 40. Nf4 Nxc5 41. Nxd5+ Kd6 42. c4 c6 43. Ne3 Ke5 44. g5 Ke4 45. Kf2 Nd3+ 46. Ke2 1/2-1/2

[Event "Schwerin, MVP"]
[Site "?"]
[Date "1997.??.??"]
[Round "?"]
[White "Hector Jonny"]
[Black "Meijers Viesturs"]
[Result "1-0"]
[WhiteElo "2470"]
[BlackElo "2455"]
[PlyCount "83"]
[EventDate "1997.??.??"]
[Source "www.chesslib.no"]
[SourceDate "2004.05.04"]

1. e4 e5 2. Nc3 Nf6 3. Nf3 Bb4 4. Nxe5 O-O 5. Be2 d6 6. Nd3 Bxc3 7. dxc3 Nxe4 8. O-O h6 9. Nf4 Nc6 10. c4 Re8 11. a4 a5 12. Ra3 Bf5 13. Re3 Qd7 14. b3 Nf6 15. Bb2 Rxe3 16. fxe3 Ne5 17. c5 Neg4 18. Nd5 Re8 19. Nxf6+ Nxf6 20. cxd6 Rd8 21. Bxf6 gxf6 22. Qd4 cxd6 23. e4 Bg6 24. Rxf6 d5 25. exd5 Qe7 26. Bc4 Rd6 27. Rf2 Qe4 28. Rf1 Qe7 29. Qf2 Be4 30. Re1 Rg6 31. Bd3 f5 32. Bxe4 fxe4 33. Qe3 Rg5 34. Qxe4 Qxe4 35. Rxe4 Rxd5 36. Re7 b5 37. axb5 Rxb5 38. Kf2 Rc5 39. Re2 Kf7 40. Ke3 a4 41. bxa4 Ra5 42. Kd4 1-0

[Event "Open"]
[Site "?"]
[Date "1999.06.??"]
[Round "3"]
[White "Dgebuadze Alexandre"]
[Black "Kroeze Frank M"]
[Result "1-0"]
[WhiteElo "2539"]
[BlackElo "2379"]
[PlyCount "73"]
[EventDate "1999.??.??"]
[Source "www.chesslib.no"]
[SourceDate "2004.05.04"]

1. e4 e5 2. Nf3 Nf6 3. d3 d5 4. Nbd2 Bd6 5. c3 c6 6. g3 O-O 7. Bg2 a5 8. O-O Na6 9. d4 Nxe4 10. Nxe5 Nxd2 11. Bxd2 Nc7 12. Re1 f6 13. Nd3 Bf5 14. Nc5 Rb8 15. Qf3 Qc8 16. Bf4 Bxf4 17. Qxf4 b6 18. Na4 Qd7 19. b3 g5 20. Qd2 Ne6 21. Re3 b5 22. Nb2 Rfe8 23. Rae1 Nc7 24. Nd1 Bg6 25. h4 gxh4 26. gxh4 Rxe3 27. Rxe3 Re8 28. Rg3 Kh8 29. Ne3 Qe7 30. Bf3 Rg8 31. c4 bxc4 32. bxc4 dxc4 33. Nxc4 Be4 34. Qe3 Re8 35. Bxe4 Qxe4 36. Nd6 Qxe3 37. Nf7# 1-0

[Event "United Insurance 5th"]
[Site "Dhaka"]
[Date "2001.02.19"]
[Round "1"]
[White "Sandipan, Chanda"]
[Black "Vakhidov, Tahir"]
[Result "0-1"]
[WhiteElo "2431"]
[BlackElo "2482"]
[PlyCount "118"]
[EventDate "2001.02.19"]
[Source "ChessBase"]
[SourceDate "2001.05.17"]

1. e4 e5 2. Nf3 Nf6 3. Nxe5 d6 4. Nf3 Nxe4 5. Bd3 d5 6. Qe2 Qe7 7. O-O Nd6 8. Qd1 Qf6 9. Nc3 c6 10. Re1+ Be7 11. b3 Bg4 12. Qe2 Bxf3 13. gxf3 Kd8 14. Bb2 Qg5+ 15. Kh1 Re8 16. Rg1 Qh6 17. Qe3 g5 18. Na4 Nd7 19. c4 b5 20. cxb5 cxb5 21. Nc5 Bf6 22. Bxf6+ Qxf6 23. Qxg5 Qxg5 24. Rxg5 Nxc5 25. Rxd5 Ncb7 26. Bxb5 Re6 27. Rc1 Rc8 28. Rc4 Rc7 29. Ba6 Kd7 30. Kg2 Rg6+ 31. Kf1 Rf6 32. Ke2 Kd8 33. Rc3 Re7+ 34. Kd1 Rd7 35. b4 Ke7 36. a3 Nd8 37. Rh5 h6 38. a4 Ne6 39. a5 Rf4 40. b5 Ra4 41. Rxh6 Rxa5 42. Rh5 Nd4 43. Rcc5 Ra1+ 44. Rc1 Rxc1+ 45. Kxc1 Nxf3 46. d3 Rc7+ 47. Kb2 Nd4 48. Re5+ Kf6 49. Rd5 N4f5 50. f4 Ke6 51. Re5+ Kd7 52. h3 f6 53. Re1 Rc5 54. h4 Nxh4 55. Rh1 Nhf5 56. d4 Nxd4 57. Rh7+ Ke6 58. Rxa7 N4xb5 59. Rh7 Rc6 0-1

[Event "Memorial Keres A"]
[Site "Tallinn EST"]
[Date "2007.01.07"]
[Round "3"]
[White "Onischuk, V."]
[Black "Liiva, R."]
[Result "0-1"]
[WhiteElo "2469"]
[BlackElo "2439"]
[PlyCount "102"]
[EventDate "2007.01.06"]
[Source "www.chesslib.no"]
[SourceDate "2004.05.04"]

1. e4 e5 2. Nf3 Nf6 3. Qe2 Nc6 4. d3 a5 5. g3 Bc5 6. Bg2 O-O 7. O-O Re8 8. c4 a4 9. Nc3 d6 10. h3 h6 11. Kh2 Bd7 12. Bd2 Nd4 13. Nxd4 exd4 14. Nd5 Nxd5 15. cxd5 c6 16. dxc6 bxc6 17. f4 Qb6 18. Rab1 Bb4 19. Bc1 f5 20. Qf3 c5 21. exf5 Bxf5 22. g4 Be6 23. a3 Ba5 24. f5 Ba2 25. f6 Ra7 26. Ra1 Bb3 27. g5 Qd8 28. Qh5 Re5 29. Bf4 Qxf6 30. Bxe5 Qxe5+ 31. Kh1 Bf7 32. Qg4 Be6 33. Qf3 hxg5 34. Qf8+ Kh7 35. Be4+ g6 36. Qf6 Bf7 37. Qxe5 dxe5 38. Rac1 Rc7 39. Rf6 Kg7 40. Rc6 Rxc6 41. Bxc6 c4 42. dxc4 d3 43. Bxa4 e4 44. b4 e3 45. Bd1 Bc7 46. Kg2 Bf4 47. Bf3 e2 48. Rh1 Be3 49. c5 Bd5 50. c6 d2 51. c7 e1=Q 0-1

[Event "Mancha Real-A 2nd"]
[Site "?"]
[Date "1999.??.??"]
[Round "3"]
[White "Glavina Rossi Pablo"]
[Black "Mellado Trivino Juan"]
[Result "1/2-1/2"]
[WhiteElo "2425"]
[BlackElo "2475"]
[PlyCount "153"]
[EventDate "1999.??.??"]
[Source "www.chesslib.no"]
[SourceDate "2004.05.04"]

1. e4 e5 2. Nf3 Nf6 3. Nxe5 d6 4. Nf3 Nxe4 5. Bd3 Nc5 6. Be2 Bg4 7. d4 Ncd7 8. Qd3 Be7 9. h3 Be6 10. O-O d5 11. Bf4 O-O 12. Re1 c5 13. Nc3 Qb6 14. Na4 Qb4 15. b3 c4 16. Qe3 Nc6 17. c3 Qa5 18. Nc5 Nxc5 19. b4 Qa3 20. bxc5 b6 21. cxb6 axb6 22. Ng5 Bf5 23. Qf3 Bxg5 24. Bxg5 Be4 25. Qg3 Rfe8 26. Bc1 Qa5 27. Bf4 Qa3 28. Bc1 Qa5 29. Bf4 Re6 30. Bh5 Rae8 31. Re3 b5 32. Bg4 f5 33. Bh5 g6 34. Rae1 Kf7 35. Qh4 Kg8 36. f3 gxh5 37. fxe4 fxe4 38. Rg3+ Kh8 39. Qxh5 Qd8 40. Bg5 Qd6 41. Rg4 Rf8 42. Re3 Rg6 43. Reg3 Rf5 44. Qh4 Qf8 45. Kh2 Kg8 46. Bf4 Rff6 47. Bg5 Rf5 48. Bd8 Qg7 49. a3 Kf7 50. Bg5 Ke8 51. Bf4 Kf7 52. Be3 Kg8 53. Bg5 Kf7 54. Rf4 Rxf4 55. Qxf4+ Ke8 56. Qg4 Qd7 57. Qh4 Qf5 58. Rg4 Rg8 59. Qg3 Kd7 60. Qh4 Kc8 61. Rg3 Kb7 62. Bf4 Rxg3 63. Qxg3 Qg6 64. Qh4 Kc8 65. Qe1 Qf5 66. Bg3 Kb7 67. Qc1 Qe6 68. Qg5 Ka6 69. Bf4 Ka5 70. Qh5 e3 71. Qe2 Ka4 72. Kg1 Qe7 73. Bxe3 Qxa3 74. Qd1+ Qb3 75. Qa1+ Qa3 76. Qd1+ Qb3 77. Qa1+ 1/2-1/2